Statistics for Barcelona All-Time Greatest XI

Click here to take the quiz!

General Stats

  • This quiz has been taken 1,575 times
    (1,318 since last reset)
  • The average score is 7 of 11

Answer Stats

Position:Nationality:Years active:Player:% Correct
ForwardArgentina2004-2016Lionel Messi
99%
MidfielderSpain1998-2015Xavi
96%
MidfielderSpain2002-2016Andrés Iniesta
95%
DefenderSpain1999-2013Carles Puyol
92%
MidfielderBrazil2003-2008Ronaldinho
82%
MidfielderNetherlands1973-1978Johan Cruyff
75%
DefenderNetherlands1989-1995Ronald Koeman
62%
MidfielderSpain1990-2001Pep Guardiola
52%
GoalkeeperSpain1986-1994Andoni Zubizarreta
35%
ForwardHungary1951-1961László Kubala
27%
DefenderSpain1949-1964Joan Segarra
5%

Score Distribution

Percentile by Number Answered

Percent of People with Each Score

Your Score History

You have not taken this quiz since the last reset